| 000 | 00932nac a22002537a 4500 | ||
|---|---|---|---|
| 001 | BR0704632 | ||
| 003 | BR-BrBNA | ||
| 005 | 20240105123451.0 | ||
| 008 | 230509b bl.|||m| |||| 00| 0 por d | ||
| 040 |
_aBR-BrBNA _bpor _cBiblioteca Nacional de Agricultura |
||
| 072 | _aF70 | ||
| 090 | _a0311 BR0704632 | ||
| 100 | 1 | _aBondar, G. | |
| 110 | 1 |
_aInstituto Central de Fomento Econômico da Bahia, Salvador (Brasil) _95956 |
|
| 245 | 1 | _aPalmeiras da Bahia; gênero Cocos com descrição de uma espécie nova; gênero Diplothemium; palmeiras na ornamentação; destruição dos palmeirais | |
| 260 | 3 |
_aSalvador, BA (Brasil): _c1939. |
|
| 300 | _a22 p. | ||
| 490 |
_aBoletim - Instituto Central de Fomento Econômico da Bahia (Brazil) _vno. 6 _x |
||
| 500 | _aDocumento microfilmado e tratado BR7316495 | ||
| 650 | _aCOCO | ||
| 650 | _aVARIEDADE | ||
| 909 |
_a202312 _bLúcia Elande _c55 _dLúcia Elande |
||
| 942 |
_2AGRIS _n0 _cMS |
||
| 999 |
_c295593 _d295593 |
||